Malta in the Eurovision Song Contest - Statistics

General Stats
  • This quiz has been taken 17 times
    4 since last reset
  • The average score is 10 of 38
Answer Stats
Answer % Correct
Bella
100%
Dance (Our Own Party)
100%
Je me casse
100%
Loop
100%
Serving
100%
Chameleon
67%
Coming Home
67%
I Am What I Am
67%
Taboo
67%
Walk on Water
67%
Warrior
67%
Breathlessly
33%
This Is The Night
33%
Tomorrow
33%
7th Wonder
0%
Angel
0%
Another Summer Night
0%
Believe 'n Peace
0%
Could It Be
0%
Desire
0%
I Do
0%
In A Woman's Heart
0%
Keep Me In Mind
0%
Let Me Fly
0%
L-imħabba
0%
Little Child
0%
Marija l-Maltija
0%
More Than Love
0%
My Dream
0%
On Again... Off Again
0%
One Life
0%
Singing This Song
0%
The One That I Love
0%
This Time
0%
To Dream Again
0%
Vertigo
0%
Vodka
0%
What If We
0%
No matching quizzes found
Score Distribution
Percent of People with Each Score
Percentile by Number Answered
Your Score History
You have not taken this quiz since the last reset